000
00243nam a22000857a 4500
008
161207b xxu||||| |||| 00| 0 eng d
100
_9
1899
_a
Soni. A
245
_a
The brain game : Learning computer -6
260
_a
New delhi
_b
Navdeep publication
_c
2004
999
_c
4670
_d
4670